| 000 | 00895na a2200313 4500 | ||
|---|---|---|---|
| 001 | 12793 | ||
| 003 | MIRAKIL | ||
| 005 | 20181213154810.0 | ||
| 008 | 160922b tu 000 0 | ||
| 020 | _a9789753894968 | ||
| 035 | _a12793 | ||
| 040 |
_aMilas _btur _cTR-AnCHP |
||
| 041 |
_atur _aara |
||
| 082 |
_a297.8 _bE64 2007 |
||
| 090 | _a297.8 E64 2007 | ||
| 245 |
_aErkânnâme 1 _chazırlayan Doğan Kaplan |
||
| 246 | _aErkanname 1 | ||
| 260 |
_aAnkara _bTürkiye Diyanet Vakfı Yayınları _c2007 |
||
| 300 |
_a272 s. _c24 sm. |
||
| 490 |
_aAlev-i Bektaşi Klasikleri Serisi _v5 |
||
| 490 |
_aAnadolu Halk Klasikleri Serisi _v5 |
||
| 490 |
_aDiyanet İşleri Başkanlığı yayınları _v370 |
||
| 500 | _aSözlük ve dizin var | ||
| 504 | _aKaynakça var. | ||
| 650 | _aBektaşilik | ||
| 650 |
_aAlevilik _xAnonim eserler |
||
| 700 | _aKaplan, Doğan | ||
| 942 |
_2ddc _cBKS |
||
| 999 |
_c1039 _d1039 |
||